Современные методы ЯМР для химических исследований: пер. с англ.

Dades bibliogràfiques
Autor principal: Дероум Э. Эндрю
Idioma:rus
Publicat: Москва, Мир, 1992
Matèries:
Format: MixedMaterials Llibre
KOHA link:https://koha.lib.tpu.ru/cgi-bin/koha/opac-detail.pl?biblionumber=28932

MARC

LEADER 00000nam0a2200000 4500
001 28932
005 20231101205859.0
010 |a 503001750X 
035 |a (RuTPU)RU\TPU\book\29190 
035 |a BOOK00029265 
090 |a 28932 
100 |a 20011209d1992 k y0rusy50 ca 
101 1 |a rus 
102 |a RU 
105 |a a z 001zy 
200 1 |a Современные методы ЯМР для химических исследований  |e пер. с англ.  |f Э. Дероум 
210 |a Москва  |c Мир  |d 1992 
215 |a 401 с.  |c ил. 
320 |a Библиогр. в конце глав 
320 |a Предм. указ.: с. 392-397. 
606 1 |a Ядерный магнитный резонанс (ЯМР)  |x (химия)  |2 stltpush  |3 (RuTPU)RU\TPU\subj\73726  |9 86559 
610 1 |a химические исследования 
610 1 |a спектроскопия 
675 |a 543.429.2  |v 3 
700 1 |a Дероум  |b Э.  |g Эндрю 
801 0 |a RU  |b 63413507  |c 20011209  |g PSBO 
801 2 |a RU  |b 63413507  |c 20141212  |g PSBO 
942 |c BK